| 000 | 00615nam a2200181Ia 4500 | ||
|---|---|---|---|
| 003 | GCL | ||
| 008 | 140319s9999 xx 000 0 ara d | ||
| 020 | _a9324287977 | ||
| 040 |
_aGCL / _cGCL |
||
| 082 | 0 | 4 |
_a723.3 _bخ ت |
| 100 | 1 | _aخالد عزب | |
| 245 | 1 | 0 |
_aالتراث الحضارى والمعمارى للمدن الاسلامية / _cخالد عزب |
| 260 |
_aالقاهرة : _bدار الكتب العلمية للنشر والتوزيع ، _c2003 |
||
| 300 |
_a191 ص ؛ _c24 سم |
||
| 650 | 0 | 4 | _aالعمارة الاسلامية |
| 650 | 0 | 4 | _aالمدن الاسلامية |
| 942 |
_2ddc _cBK |
||
| 999 |
_c58085 _d58085 |
||